| 000 | 00535nam a22001577a 4500 | ||
|---|---|---|---|
| 008 | 201204b ||||| |||| 00| 0 eng d | ||
| 020 | _a0060643331 | ||
| 050 |
_aBR1720.J5 _bK44 1975 |
||
| 100 | _aKelly, J. N. D. (John Norman Davidson) | ||
| 245 |
_aJerome : _bhis life, writings, and controversies / _cJ.N.D. Kelly |
||
| 260 |
_aNew York : _bHarper & Row, _c1975 |
||
| 300 |
_a xi, 353 p. ; _c24 cm |
||
| 500 | _aIncludes bibliographical references and index | ||
| 600 |
_bJerome, _cSaint, _d-419 or 420 |
||
| 942 |
_2lcc _cBK |
||
| 999 |
_c55675 _d55675 |
||